Billboard Hot 100 Year-End Singles Of 2011 - Statistics

General Stats
  • This quiz has been taken 1,630 times
  • The average score is 53 of 100
Answer Stats
# Song Artist % Correct
1 Rolling In The Deep Adele
100%
24 Someone Like You Adele
100%
3 Firework Katy Perry
99%
14 Last Friday Night (T.G.I.F.) Katy Perry
99%
75 Teenage Dream Katy Perry
99%
4 E.T. Katy Perry featuring Kanye West
99%
6 Grenade Bruno Mars
97%
15 Just The Way You Are Bruno Mars
97%
26 The Lazy Song Bruno Mars
97%
9 Moves Like Jagger Maroon 5 featuring Christina Aguilera
96%
12 S&M Rihanna
95%
40 Only Girl (In The World) Rihanna
95%
77 Cheers (Drink To That) Rihanna
95%
69 We Found Love Rihanna featuring Calvin Harris
95%
20 What's My Name? Rihanna featuring Drake
95%
18 Born This Way Lady Gaga
94%
29 The Edge Of Glory Lady Gaga
94%
71 You And I Lady Gaga
94%
57 Sexy And I Know It LMFAO
94%
2 Party Rock Anthem LMFAO featuring Lauren Bennett & GoonRock
94%
8 Super Bass Nicki Minaj
88%
50 Moment 4 Life Nicki Minaj featuring Drake
88%
17 Raise Your Glass P!nk
82%
19 Perfect P!nk
82%
61 More Usher
80%
65 DJ Got Us Fallin' In Love Usher featuring Pitbull
80%
30 We R Who We R Ke$ha
78%
33 Blow Ke$ha
78%
5 Give Me Everything Pitbull featuring Ne-Yo, Afrojack & Nayer
77%
39 Hey Baby (Drop It To The Floor) Pitbull featuring T-Pain
77%
11 On The Floor Jennifer Lopez featuring Pitbull
74%
44 Dynamite Taio Cruz
69%
93 Price Tag Jessie J featuring B.o.B.
68%
7 Forget You Cee Lo Green
66%
10 Just Can't Get Enough The Black Eyed Peas
65%
37 The Time (Dirty Bit) The Black Eyed Peas
65%
31 Black And Yellow Wiz Khalifa
63%
56 Roll Up Wiz Khalifa
63%
27 Till The World Ends Britney Spears
61%
46 I Wanna Go Britney Spears
61%
60 Hold It Against Me Britney Spears
61%
74 Back To December Taylor Swift
59%
35 If I Die Young The Band Perry
58%
49 Yeah 3x Chris Brown
56%
89 She Ain't You Chris Brown
56%
21 Look At Me Now Chris Brown featuring Busta Rhymes & Lil Wayne
56%
13 Pumped Up Kicks Foster The People
56%
59 All Of The Lights Kanye West featuring Rihanna
53%
86 Best Thing I Never Had Beyonce
51%
72 Like A G6 Far East Movement featuring Cataracs & Dev
50%
58 Rocketeer Far East Movement featuring Ryan Tedder
50%
55 Jar Of Hearts Christina Perri
49%
85 Headlines Drake
49%
88 Where Them Girls At David Guetta featuring Flo Rida & Nicki Minaj
47%
73 Without You David Guetta featuring Usher
47%
52 Just A Dream Nelly
47%
23 How To Love Lil Wayne
46%
41 6 Foot 7 Foot Lil Wayne featuring Cory Gunz
46%
95 She Will Lil Wayne featuring Drake
46%
36 Stereo Hearts Gym Class Heroes featuring Adam Levine
45%
62 What The Hell Avril Lavigne
42%
16 Tonight (I'm Lovin' You) Enrique Iglesias featuring Ludacris & DJ Frank E
42%
78 Who Says Selena Gomez & The Scene
42%
51 I Need A Doctor Dr. Dre featuring Eminem & Skylar Grey
38%
25 Good Life OneRepublic
36%
99 Colder Weather Zac Brown Band
29%
80 Knee Deep Zac Brown Band featuring Jimmy Buffett
29%
87 Don't Wanna Go Home Jason Derulo
28%
63 Written In The Stars Tinie Tempah featuring Eric Turner
27%
81 Country Girl (Shake It For Me) Luke Bryan
26%
28 The Show Goes On Lupe Fiasco
25%
32 Tonight Tonight Hot Chelle Rae
24%
38 Coming Home Diddy - Dirty Money featuring Skylar Grey
23%
43 Dirt Road Anthem Jason Aldean
23%
68 Don't You Wanna Stay Jason Aldean featuring Kelly Clarkson
23%
42 Just A Kiss Lady Antebellum
23%
64 Bottoms Up Trey Songz featuring Nicki Minaj
23%
67 Honey Bee Blake Shelton
22%
94 God Gave Me You Blake Shelton
22%
48 You Make Me Feel... Cobra Starship featuring Sabi
22%
97 Animal Neon Trees
22%
66 For The First Time The Script
21%
34 Lighters Bad Meets Evil featuring Bruno Mars
19%
83 In The Dark Dev
17%
53 Motivation Kelly Rowland featuring Lil Wayne
17%
47 I'm On One DJ Khaled featuring Drake, Rick Ross & Lil Wayne
16%
22 Down On Me Jeremih featuring 50 Cent
16%
70 Pretty Girl Rock Keri Hilson
16%
54 Stereo Love Edward Maya featuring Vika Jigulina
14%
91 Please Don't Go Mike Posner
14%
45 No Hands Waka Flocka Flame featuring Wale & Roscoe Dash
14%
92 Sure Thing Miguel
12%
79 Barefoot Blue Jean Night Jake Owen
11%
100 My Last Big Sean featuring Chris Brown
10%
98 You And Tequila Kenny Chesney featuring Grace Potter
10%
76 Crazy Girl Eli Young Band
8%
84 Backseat New Boyz featuring The Cataracs & Dev
8%
82 Remind Me Brad Paisley featuring Carrie Underwood
7%
96 Are You Gonna Kiss Me Or Not Thompson Square
7%
90 Take A Back Road Rodney Atkins
5%
No matching quizzes found
Score Distribution
Percent of People with Each Score
Percentile by Number Answered
Your Score History
You have not taken this quiz